| 000 | 00795nam a2200241 u 4500 | ||
|---|---|---|---|
| 001 | 65992 | ||
| 005 | 20180714073548.0 | ||
| 008 | 160824s2008 ag r 000 0 spa d | ||
| 020 | _a9789501215144 | ||
| 041 | 0 | _aspa | |
| 082 | 0 |
_a306.43 _bTIR |
|
| 100 | 1 |
_aTiramonti, Guillermina, _eautor |
|
| 245 | 1 | 3 |
_aLa educación de las elites : _baspiraciones, estrategias y oportunidades / _cGuillermina Tiramonti, Sandra Ziegler. |
| 250 | _aPrimera edición | ||
| 264 | 1 |
_aArgentina : _bEditorial Paidós, _c2008 |
|
| 300 |
_a202 páginas ; _c22 cm. |
||
| 336 |
_atexto _2rdacontent |
||
| 337 |
_asin mediación _2rdamedia |
||
| 338 |
_avolumen _2rdacarrier |
||
| 490 | 0 | _aVoces de la educación | |
| 650 | 4 | _aSociología de la educación | |
| 700 | 1 |
_aZiegler, Sandra, _eautor |
|
| 999 |
_c65992 _d65992 |
||